| 000 | 00676nam a2200205 a 4500 | ||
|---|---|---|---|
| 001 | 000010693 | ||
| 005 | 20200929162256.0 | ||
| 008 | 091009t1986 dr 000 0 spa d | ||
| 040 |
_aDO-SdBNP _bspa _cBNPHU |
||
| 082 |
_a610.147293 _bC213t |
||
| 100 | 1 |
_aCanario, Moisés _925894 |
|
| 245 | 1 | 0 |
_aTerminología médica vernácula dominicana / _cMoisés Canario; edición Hugo Mendoza. |
| 260 |
_aSanto Domingo : _bTaller, _c1986. |
||
| 300 |
_a49 p. ; _c21 cm. |
||
| 590 | _aInventariado,2018/DG | ||
| 650 | 4 |
_aMedicina popular _xTerminología _925895 |
|
| 650 | 4 |
_aDominicanismos _913083 |
|
| 700 | 1 |
_aMendoza, Hugo, _eed. _919626 |
|
| 910 | _aValidado. Control de calidad EMS. | ||
| 999 |
_c10448 _d10448 |
||